000
00195 a2200085 4500
020
_a
978-8412162509
100
_a
unknown author
245
_a
Archives 1 - Flores & Prats
260
_b
El Croquis
_c
2020
999
_c
13426
_d
13426